| 000 | 00590nam a2200205Ia 4500 | ||
|---|---|---|---|
| 005 | 20250923145906.0 | ||
| 008 | 008 250917s9999 xx 000 0 eng d | ||
| 037 | _aTextual | ||
| 040 |
_aDSWL _beng _cDSWL |
||
| 041 |
_aeng _2eng |
||
| 084 |
_aY:4.2, N94 _qDSWL |
||
| 100 |
_aBhattacharya, S.K. _9839996 |
||
| 245 | 0 |
_aSocial problems in India: Issues and perspectives _c by S.K. Bhattacharya |
|
| 260 |
_aNew Delhi _bRegency Pub. _c1994 |
||
| 300 | _axii,167p. | ||
| 365 |
_aINR _b175.00 |
||
| 925 | _g175.00 | ||
| 942 |
_cTEXL _hY:4.2, N94 |
||
| 999 |
_c1456993 _d1456993 |
||